[Event "Vienna op-B 14th"]
[Site "Vienna"]
[Date "2003.08.21"]
[Round "6"]
[White "Boelzlbauer, Wolfgang"]
[Black "Skrabs, Dittmar"]
[Result "1-0"]
[WhiteElo "1840"]
[BlackElo "1758"]
[PlyCount "107"]
[EventDate "2003.08.16"]
[EventType "swiss"]
[EventRounds "9"]
[EventCountry "AUT"]
[SourceTitle "CBM 095 Extra"]
[Source "ChessBase"]
[SourceDate "2003.09.04"]
[SourceVersion "1"]
[SourceVersionDate "2003.09.04"]
[SourceQuality "1"]

1. d4 Nf6 2. c4 d6 3. Nf3 g6 4. Nc3 Bg7 5. e4 0-0 6. h3 c6 7. Be3 a6 8. Rc1 b5 9. cxb5 cxb5 10. Bd3 Bb7 11. Qb3 d5 12. e5 Ne4 13. Bxe4 dxe4 14. Ng5 Nc6 15. Qd1 b4 16. Ncxe4 Na5 17. 0-0 h6 18. Nc5 hxg5 19. Nxb7 Nxb7 20. Bxg5 Qd7 21. Qd2 a5 22. Rc4 Rac8 23. Rfc1 Rxc4 24. Rxc4 Bxe5 25. dxe5 Qxd2 26. Bxd2 Rd8 27. Bg5 f6 28. exf6 exf6 29. Bxf6 Rd1+ 30. Kh2 Nd6 31. Rd4 Rxd4 32. Bxd4 Kf7 33. g4 Ke6 34. f4 Kd5 35. Be5 Nc4 36. Bg7 Ke4 37. Kg3 a4 38. Bf8 b3 39. axb3 axb3 40. Bg7 Kd3 41. h4 Ke4 42. h5 gxh5 43. gxh5 Kf5 44. h6 Kg6 45. Kf3 Nd6 46. Ke3 Nf5+ 47. Kd3 Nxg7 48. hxg7 Kxg7 49. Kc3 Kf6 50. Kxb3 Kf5 51. Kc4 Kxf4 52. Kd5 Kf5 53. b4 Kf6 54. Kd6 1-0

[Event "Vienna op-B 14th"]
[Site "Vienna"]
[Date "2003.08.19"]
[Round "4"]
[White "Boelzlbauer, Wolfgang"]
[Black "Budin, Andreas"]
[Result "1-0"]
[WhiteElo "1840"]
[BlackElo "1814"]
[PlyCount "49"]
[EventDate "2003.08.16"]
[EventType "swiss"]
[EventRounds "9"]
[EventCountry "AUT"]
[SourceTitle "CBM 095 Extra"]
[Source "ChessBase"]
[SourceDate "2003.09.04"]
[SourceVersion "1"]
[SourceVersionDate "2003.09.04"]
[SourceQuality "1"]

1. d4 f5 2. c4 Nf6 3. Nc3 g6 4. g3 Bg7 5. Bg2 0-0 6. h4 h6 7. Nh3 d6 8. d5 Qe8 9. Qc2 a5 10. Nf4 Ng4 11. e4 Bd4 12. Nd3 fxe4 13. Nxe4 Bf5 14. Bf4 e5 15. dxe6 Qxe6 16. 0-0-0 Nc6 17. Nxd6 cxd6 18. Bd5 Qxd5 19. cxd5 Nb4 20. Nxb4 Bxc2 21. Rxd4 axb4 22. Kxc2 h5 23. Kb3 Nxf2 24. Re1 Ra6 25. Re6 1-0